Cosmology and particle astrophysics (Record no. 13075)

MARC details
000 -LEADER
fixed length control field 00651nam a2200205Ia 4500
003 - CONTROL NUMBER IDENTIFIER
control field IN-BaIIA
008 - FIXED-LENGTH DATA ELEMENTS--GENERAL INFORMATION
fixed length control field 211028s9999 xx 000 0 eng d
020 ## - INTERNATIONAL STANDARD BOOK NUMBER
International Standard Book Number 0-471-97042-5
040 ## - CATALOGING SOURCE
Transcribing agency IIA Library
080 ## - UNIVERSAL DECIMAL CLASSIFICATION NUMBER
Universal Decimal Classification number 524.834
Item number BER
100 ## - MAIN ENTRY--PERSONAL NAME
Personal name Bergstrom, L.
9 (RLIN) 23024
245 #0 - TITLE STATEMENT
Title Cosmology and particle astrophysics
Statement of responsibility, etc. L. Bergstrom and Goobar, A.
260 ## - PUBLICATION, DISTRIBUTION, ETC.
Place of publication, distribution, etc. Chichester
Name of publisher, distributor, etc. John Wiley & Sons
Date of publication, distribution, etc. 1999
300 ## - PHYSICAL DESCRIPTION
Extent xii, 344p.
490 ## - SERIES STATEMENT
Series statement Wiley-Praxis series in astronomy and astrophysics
650 ## - SUBJECT ADDED ENTRY--TOPICAL TERM
Topical term or geographic name entry element Cosmology
650 ## - SUBJECT ADDED ENTRY--TOPICAL TERM
Topical term or geographic name entry element Particle astrophysics
9 (RLIN) 16537
700 ## - ADDED ENTRY--PERSONAL NAME
Personal name Goobar, A.
9 (RLIN) 23025
942 ## - ADDED ENTRY ELEMENTS (KOHA)
Koha item type Books
Holdings
Withdrawn status Lost status Damaged status Not for loan Home library Current library Shelving location Date acquired Cost, normal purchase price Total Checkouts Full call number Barcode Date last seen Cost, replacement price Price effective from Koha item type Purchase Price
        IIA Library-Bangalore IIA Library-Bangalore General Stacks 12/07/1999 2033.00   524.834/ BER 13992 05/11/2021 2033.00 12/07/1999 Books Rs. 2033.00

Powered by Koha